The Sandlot Quiz - Statistics

General Stats
  • This quiz has been taken 101 times
  • The average score is 7 of 38
Answer Stats
Hint Answer % Correct
Main character Scott Smalls
94%
Their Nickname Ham or The Great Hambino
52%
Their Nickname The Jet
48%
Their Nickname Scotty
42%
Their Nickname Squints
38%
Best Player Benjamin Franklin Rodriguez
35%
Catcher Hamilton Porter
30%
Dog Hercules
29%
Pool Lifeguard Wendy Peffercorn
27%
Their Nickname Yeah Yeah
27%
Finish This "Hero's Get Remembered but..." Legends Never Die
24%
Dog's Nickname The Beast
23%
Their Future Wrestler
18%
First Baseman Timmy Timmons
17%
Outfield Tommy Timmons
17%
Their Future Commentator
15%
Dog's Owner Mr Mertle
15%
Second Baseman Bertram Grover Weeks
12%
Their Future MLB Player
12%
Pitcher Kenny DeNunez
11%
Their Future Bought Vincent Drug Store
9%
Third Baseman Alan McClennan
8%
Their Future Invented Mini-Malls
8%
Their Future Invented Mini-Malls
8%
Short Stop Michael Palledorous
8%
Shoes Used in Tactic #6 PF Flyers
8%
Their Nickname Repeat
8%
Her Future Married Squints
6%
Their Future Military School & Invented Bungee
6%
Their Nickname The Heater
6%
Ball Retrieval Tactic #3 Vacuum
6%
Ball Retrieval Tactic #5 Bungee
5%
Their Future Triple-A Player, Businessman and Little League Coach
5%
Ball Retrieval Tactic #1 Broomstick
3%
Their Future Dissapeared
3%
Ball Retrieval Tactic #4 Erector Set
3%
Ball Retrieval Tactic #6 Pickle the Beast
3%
Ball Retrieval Tactic #2 Saucepan
2%
No matching quizzes found
Score Distribution
Percent of People with Each Score
Percentile by Number Answered
Your Score History
You have not taken this quiz